[Event "Caracas FVA 80th Ann"]
[Site "Caracas"]
[Date "2015.12.17"]
[Round "3"]
[White "Guanchez Vargas, Mariela Teresa"]
[Black "Diaz Calderon, Salvador"]
[Result "0-1"]
[WhiteElo "1609"]
[BlackElo "1926"]
[PlyCount "84"]
[EventDate "2015.12.16"]
[EventType "swiss"]
[EventRounds "8"]
[EventCountry "VEN"]
[SourceTitle "EXT 2018"]
[Source "ChessBase"]
[SourceDate "2017.10.13"]
[SourceVersion "1"]
[SourceVersionDate "2017.10.13"]
[SourceQuality "1"]

1. e4 e5 2. Nf3 Nf6 3. d4 Nxe4 4. dxe5 d5 5. Bd3 Bf5 6. a3 Bc5 7. 0-0 0-0 8. b4 Bb6 9. Bb2 Nc6 10. Nbd2 Re8 11. c4 Nxd2 12. Qxd2 Bxd3 13. Qxd3 dxc4 14. Qxc4 Re6 15. Rfd1 Qe7 16. Rd2 Rd8 17. Rad1 Rxd2 18. Rxd2 h6 19. Qd5 a6 20. h3 Kf8 21. Kf1 Ke8 22. Qb3 Nd8 23. Qa4+ c6 24. Rd3 Rg6 25. g3 Qe6 26. Kg2 Qf5 27. Qc2 Qc8 28. Nd2 Ne6 29. Ne4 Nf4+ 30. Kf3 Nxd3 31. Qxd3 Qxh3 32. Nd6+ Kf8 33. Nxb7 Qh1+ 34. Ke2 Rg4 35. Qd6+ Kg8 36. Qb8+ Kh7 37. Nd6 Bxf2 38. Qc8 Qe1+ 39. Kd3 Rxg3+ 40. Kc2 Qe2+ 41. Kb1 Qd3+ 42. Ka2 Qb3+ 0-1

[Event "Caracas VII Aniversario Ciencias U.C.V."]
[Site "Caracas"]
[Date "2015.04.01"]
[Round "1.4"]
[White "Guanchez Vargas, Mariela Teresa"]
[Black "Abatantuono Lattarulo, Giuseppe"]
[Result "0-1"]
[WhiteElo "1500"]
[BlackElo "2142"]
[PlyCount "48"]
[EventDate "2015.04.01"]
[EventType "swiss"]
[EventRounds "9"]
[EventCountry "VEN"]
[SourceTitle "EXT 2022"]
[Source "ChessBase"]
[SourceDate "2021.10.06"]
[SourceVersion "1"]
[SourceVersionDate "2021.10.06"]
[SourceQuality "1"]

1. e4 e5 2. Nf3 Nc6 3. d4 exd4 4. Bc4 Nf6 5. e5 d5 6. Bb5 Ne4 7. Nxd4 Bc5 8. Be3 0-0 9. Bxc6 bxc6 10. 0-0 Bxd4 11. Bxd4 c5 12. Be3 d4 13. f3 dxe3 14. fxe4 Qd4 15. c3 Qxe5 16. Qf3 Ba6 17. Re1 e2 18. Nd2 Rad8 19. Qe3 f5 20. Nf3 Qxe4 21. Qxc5 Rd6 22. Qxc7 Rg6 23. Kf2 Re8 24. Qxa7 Bb7 0-1